[Event "LSS ST-2007-0-00018"]
[Site "LSS email"]
[Date "2007.08.20"]
[Round "?"]
[White "Menendez, Daniel"]
[Black "Meszaros, Attila Sr"]
[Result "0-1"]
[WhiteElo "2483"]
[BlackElo "2500"]
[PlyCount "82"]
[EventDate "2007.07.28"]
[EventType "tourn (corr)"]
[EventRounds "6"]
[EventCountry "GER"]
[SourceTitle "Corr 2015"]
[Source "ChessBase"]
[SourceDate "2015.07.17"]
[SourceVersion "1"]
[SourceVersionDate "2015.07.17"]
[SourceQuality "1"]

1. d4 Nf6 2. c4 e6 3. Nf3 d5 4. g3 Bb4+ 5. Bd2 Be7 6. Bg2 0-0 7. 0-0 c6 8. Bf4 dxc4 9. Ne5 Nd5 10. Nxc4 Nxf4 11. gxf4 f6 12. Nc3 Nd7 13. e3 Nb6 14. Qe2 Nd5 15. Rfd1 b6 16. Rac1 Ba6 17. Ne4 Qc7 18. Qh5 Rad8 19. Bf1 Bc8 20. Bd3 g6 21. Qh6 a5 22. Kh1 a4 23. Rg1 Rf7 24. Rg3 Bb7 25. Kg1 c5 26. dxc5 Nb4 27. Bb1 Nd3 28. cxb6 Qd7 29. Bxd3 Qxd3 30. f3 Rc8 31. b3 axb3 32. axb3 f5 33. Ned2 Bb4 34. Rg2 Bxd2 35. Rxd2 Qxd2 36. Nxd2 Rxc1+ 37. Kf2 Rc2 38. Kg3 Rxd2 39. Qh4 Kg7 40. b4 Rfd7 41. Qh3 Re2 0-1

[Event "Vicente Lopez IRT op"]
[Site "Vicente Lopez"]
[Date "2003.07.31"]
[Round "7.1"]
[White "Menendez, Daniel"]
[Black "Fusco, Leonardo"]
[Result "1/2-1/2"]
[WhiteElo "2198"]
[BlackElo "2233"]
[PlyCount "43"]
[EventDate "2003.07.25"]
[EventType "swiss"]
[EventRounds "10"]
[EventCountry "ARG"]
[SourceTitle "CBM 095 Extra"]
[Source "ChessBase"]
[SourceDate "2003.09.04"]
[SourceVersion "1"]
[SourceVersionDate "2003.09.04"]
[SourceQuality "1"]

1. Nf3 Nf6 2. g3 b6 3. Bg2 Bb7 4. 0-0 e6 5. d4 Be7 6. c4 0-0 7. Nc3 Ne4 8. Nxe4 Bxe4 9. Ne1 Bxg2 10. Nxg2 d5 11. cxd5 Qxd5 12. Bf4 Bf6 13. Be3 Nc6 14. Rc1 Nxd4 15. Rxc7 Rfc8 16. Rxc8+ Rxc8 17. Nf4 Qe4 18. Bxd4 Bxd4 19. Nd3 h6 20. Qd2 Qd5 21. b3 Rd8 22. Qc2 1/2-1/2

[Event "Vicente Lopez IRT op"]
[Site "Vicente Lopez"]
[Date "2003.07.28"]
[Round "4.2"]
[White "Menendez, Daniel"]
[Black "Aguila, Gustavo"]
[Result "1/2-1/2"]
[WhiteElo "2198"]
[BlackElo "2305"]
[PlyCount "55"]
[EventDate "2003.07.25"]
[EventType "swiss"]
[EventRounds "10"]
[EventCountry "ARG"]
[SourceTitle "CBM 095 Extra"]
[Source "ChessBase"]
[SourceDate "2003.09.04"]
[SourceVersion "1"]
[SourceVersionDate "2003.09.04"]
[SourceQuality "1"]

1. d4 Nf6 2. Nf3 b6 3. g3 Bb7 4. Bg2 e6 5. 0-0 Be7 6. c4 0-0 7. Nc3 d5 8. Ne5 Na6 9. Bg5 Ne4 10. Bxe7 Qxe7 11. Rc1 Nxc3 12. Rxc3 c5 13. e3 cxd4 14. Qxd4 f6 15. Nd3 Rfd8 16. cxd5 Bxd5 17. Bxd5 Rxd5 18. Qc4 Nc5 19. Nf4 Re5 20. Rd1 a5 21. Qd4 Re4 22. Qd6 Qxd6 23. Rxd6 Rb8 24. Nd3 Nxd3 25. Rdxd3 Rb4 26. Rc7 Kh8 27. Rdd7 Rg8 28. b3 1/2-1/2

[Event "Vicente Lopez IRT op"]
[Site "Vicente Lopez"]
[Date "2003.07.27"]
[Round "3.2"]
[White "Chtcherbine, Andrei"]
[Black "Menendez, Daniel"]
[Result "1/2-1/2"]
[WhiteElo "2156"]
[BlackElo "2198"]
[PlyCount "109"]
[EventDate "2003.07.25"]
[EventType "swiss"]
[EventRounds "10"]
[EventCountry "ARG"]
[SourceTitle "CBM 095 Extra"]
[Source "ChessBase"]
[SourceDate "2003.09.04"]
[SourceVersion "1"]
[SourceVersionDate "2003.09.04"]
[SourceQuality "1"]

1. Nf3 Nf6 2. c4 g6 3. b3 Bg7 4. Bb2 0-0 5. g3 d6 6. Bg2 e5 7. 0-0 Nc6 8. Nc3 Be6 9. e4 h6 10. d4 Bg4 11. d5 Nd4 12. Qd3 Nxf3+ 13. Bxf3 Bh3 14. Bg2 Qd7 15. f3 Nh5 16. Qe2 Bxg2 17. Qxg2 f5 18. b4 fxe4 19. Nxe4 a5 20. a3 axb4 21. axb4 b5 22. Qe2 Rxa1 23. Bxa1 Nf6 24. cxb5 Nxd5 25. Qc4 Qf7 26. Rd1 Ne3 27. Qxf7+ Rxf7 28. Rd3 Nf5 29. b6 cxb6 30. g4 Nh4 31. Rxd6 Nxf3+ 32. Kg2 Ne1+ 33. Kg1 Nf3+ 34. Kg2 Ne1+ 35. Kg1 Rf4 36. Ng3 Rxb4 37. Bc3 Rb1 38. Kf2 Nc2 39. Rxg6 Kh7 40. Rc6 Nd4 41. Rc7 Kg6 42. h4 Bf6 43. h5+ Kg5 44. Ne4+ Kxg4 45. Nxf6+ Kf5 46. Ng8 Kg5 47. Rg7+ Kxh5 48. Nf6+ Kh4 49. Rg4+ Kh3 50. Rg3+ Kh4 51. Kg2 Rg1+ 52. Kxg1 Ne2+ 53. Kg2 Nxg3 54. Be1 Kg5 55. Nh7+ 1/2-1/2

[Event "Vicente Lopez IRT op"]
[Site "Vicente Lopez"]
[Date "2003.07.26"]
[Round "2.2"]
[White "Menendez, Daniel"]
[Black "Montoro, Gustavo Ernesto"]
[Result "1-0"]
[WhiteElo "2198"]
[BlackElo "2122"]
[PlyCount "59"]
[EventDate "2003.07.25"]
[EventType "swiss"]
[EventRounds "10"]
[EventCountry "ARG"]
[SourceTitle "CBM 095 Extra"]
[Source "ChessBase"]
[SourceDate "2003.09.04"]
[SourceVersion "1"]
[SourceVersionDate "2003.09.04"]
[SourceQuality "1"]

1. e4 e6 2. d4 d5 3. Nc3 Nf6 4. Bg5 dxe4 5. Nxe4 Be7 6. Nxf6+ gxf6 7. Be3 b6 8. Qf3 c6 9. Bc4 Bb7 10. Ne2 Qd7 11. 0-0-0 Na6 12. Qh5 Nc7 13. Rhe1 Bb4 14. c3 Bd6 15. Bf4 Nd5 16. Bxd5 cxd5 17. Bxd6 Qxd6 18. Rd3 Ke7 19. Rf3 Rag8 20. Ng3 Qd7 21. Qh4 Rg5 22. Nh5 h6 23. Nxf6 Qa4 24. Qf4 Qxa2 25. Qc7+ Kf8 26. Qd8+ Kg7 27. Nh5+ Kh7 28. Rxf7+ Kg6 29. Rf6+ Kxh5 30. Qxh8 1-0

[Event "Buenos Aires Intercoop 28th"]
[Site "Buenos Aires"]
[Date "2002.09.21"]
[Round "5"]
[White "Menendez, Daniel"]
[Black "Morgado, Juan Sebastian"]
[Result "0-1"]
[WhiteElo "2198"]
[BlackElo "2275"]
[PlyCount "54"]
[EventDate "2002.08.24"]
[EventType "team"]
[EventRounds "7"]
[EventCountry "ARG"]
[SourceTitle "EXT 2003"]
[Source "ChessBase"]
[SourceDate "2002.11.25"]
[SourceVersion "1"]
[SourceVersionDate "2002.11.25"]
[SourceQuality "1"]

1. d4 Nf6 2. Nf3 e6 3. c4 b6 4. g3 Ba6 5. Nbd2 d5 6. Bg2 Be7 7. 0-0 0-0 8. b3 c5 9. Bb2 Nc6 10. cxd5 exd5 11. Re1 Re8 12. Rc1 Rc8 13. a3 Ne4 14. dxc5 Bxc5 15. e3 Qe7 16. Nxe4 dxe4 17. Nd2 Bxa3 18. Bxa3 Qxa3 19. Ra1 Qb2 20. Rxa6 Red8 21. Qc1 Rxd2 22. Bxe4 Rxf2 23. Bxc6 Rg2+ 24. Bxg2 Rxc1 25. Rxc1 Qxc1+ 26. Kf2 Qc2+ 27. Kf3 Qf5+ 0-1

[Event "ARG-chT"]
[Site "Argentina"]
[Date "2000.06.04"]
[Round "6"]
[White "Ibar, Marcelo Rodolfo"]
[Black "Menendez, Daniel"]
[Result "1/2-1/2"]
[WhiteElo "2297"]
[BlackElo "2182"]
[PlyCount "53"]
[EventDate "2000.??.??"]
[EventType "team"]
[EventRounds "7"]
[EventCountry "ARG"]
[SourceTitle "EXT 2001"]
[Source "ChessBase"]
[SourceDate "2000.11.22"]
[SourceVersion "1"]
[SourceVersionDate "2000.11.22"]
[SourceQuality "1"]

1. e4 e6 2. d4 d5 3. Nd2 dxe4 4. Nxe4 Nd7 5. Nf3 Ngf6 6. Bg5 Be7 7. Nxf6+ Bxf6 8. Bxf6 Qxf6 9. Bd3 0-0 10. Qe2 c5 11. 0-0-0 cxd4 12. Nxd4 Nc5 13. Bc4 e5 14. Nb3 Nxb3+ 15. Bxb3 Be6 16. Bxe6 Qxe6 17. Kb1 Rfd8 18. Rd2 Rd5 19. Rhd1 Rad8 20. f3 Rxd2 21. Rxd2 Rxd2 22. Qxd2 g6 23. Qd8+ Kg7 24. b3 a6 25. a4 h5 26. Kb2 Qc6 27. Qe7 1/2-1/2

[Event "Latin Am zt15 sf3 corr"]
[Site "CADAP corr"]
[Date "2000.??.??"]
[Round "?"]
[White "Diani, Jose Angel"]
[Black "Menendez, Daniel"]
[Result "0-1"]
[WhiteElo "2443"]
[BlackElo "2422"]
[PlyCount "82"]
[EventDate "2000.??.??"]
[EventType "tourn (corr)"]
[EventRounds "14"]
[EventCategory "4"]
[SourceTitle "Corr 2002"]
[Source "ChessBase"]
[SourceDate "2002.05.23"]
[SourceVersion "1"]
[SourceVersionDate "2002.05.23"]
[SourceQuality "1"]

1. e4 e5 2. Nf3 Nc6 3. Bb5 a6 4. Bxc6 dxc6 5. 0-0 Bg4 6. h3 h5 7. d3 Qf6 8. Nbd2 Ne7 9. Re1 Ng6 10. d4 Nf4 11. hxg4 hxg4 12. g3 gxf3 13. Qxf3 Ne6 14. dxe5 Qxe5 15. Qf5 Qc5 16. Nf3 g6 17. Qxc5 Bxc5 18. Rd1 Ke7 19. Bd2 f6 20. Bc3 Rh3 21. Kg2 Rah8 22. e5 f5 23. b4 Ba7 24. a4 g5 25. Bd2 g4 26. Nh4 f4 27. Ng6+ Ke8 28. gxf4 R8h5 29. Be3 Bxe3 30. fxe3 Kf7 31. f5 Rxf5 32. Nf4 Rxe3 33. Nxe6 Kxe6 34. Rd8 Rf4 35. Rb1 Rc4 36. Rb2 Re2+ 37. Kg1 Rexc2 38. Rxc2 Rxc2 39. Re8+ Kd7 40. Rb8 b5 41. axb5 axb5 0-1